书目信息 |
| 题名: |
出版评论教程
|
|
| 作者: | 孙利军 著 | |
| 分册: | ||
| 出版信息: | 北京 中国人民大学出版社 2008.07 |
|
| 页数: | 252页 | |
| 开本: | 23cm | |
| 丛书名: | ||
| 单 册: | ||
| 中图分类: | G236 | |
| 科图分类: | ||
| 主题词: | 出版发行--书评--教材 , 出版发行 , 书评 | |
| 电子资源: | ||
| ISBN: | 978-7-300-09370-3 | |
| 000 | 00856nam0 2200265 450 | |
| 001 | 010700057202 | |
| 005 | 20091208151831.67 | |
| 010 | @a978-7-300-09370-3@dCNY29.80 | |
| 100 | @a20080923d2008 em y0chiy0110 ea | |
| 101 | 0 | @achi |
| 102 | @aCN@b110000 | |
| 105 | @ay z 000yy | |
| 106 | @ar | |
| 200 | 1 | @a出版评论教程@9chu ban ping lun jiao cheng@f孙利军著 |
| 210 | @a北京@c中国人民大学出版社@d2008.07 | |
| 215 | @a252页@d23cm | |
| 300 | @a21世纪编辑出版学系列教材 | |
| 330 | @a本书内容包括:出版评论的定义、特点及功能;出版评论的基本要素;出版评论的评价标准;出版评论的写作;中外出版评论概览;出版评论媒体研究;评论工作者的修养等。 | |
| 606 | 0 | @a出版发行@x书评@j教材 |
| 606 | 0 | @a出版发行 |
| 606 | 0 | @a书评 |
| 690 | @aG236@v4 | |
| 701 | 0 | @a孙利军@9sun li jun@4著 |
| 801 | 0 | @aCN@bRENTIAN@c20091208 |
| 905 | @b20796205-07@dG236@e53@f3 | |
| 出版评论教程/孙利军著.-北京:中国人民大学出版社,2008.07 |
| 252页;23cm |
| 21世纪编辑出版学系列教材 |
| ISBN 978-7-300-09370-3:CNY29.80 |
| 本书内容包括:出版评论的定义、特点及功能;出版评论的基本要素;出版评论的评价标准;出版评论的写作;中外出版评论概览;出版评论媒体研究;评论工作者的修养等。 |
| ● |
| 相关链接 |
|
|
|
|
正题名:出版评论教程
索取号:G236/53
 
预约/预借
| 序号 | 登录号 | 条形码 | 馆藏地/架位号 | 状态 | 备注 |
| 1 | 796205 | 207962052 | 第一样本阅览室/ [索取号:G236/53] | 在馆 | |
| 2 | 796206 | 207962061 | 第四借阅区/ [索取号:G236/53] | 在馆 | |
| 3 | 796207 | 207962070 | 第四借阅区/ [索取号:G236/53] | 在馆 |